000 00403nam a2200169Ia 4500
008 210210b1948 xxu||||| |||| 00| 0 eng d
041 _aeng
082 _a825/650
100 _aPETERS (W A M)
245 _aGerard manley hopkins
260 _aLondon
_bOxford University Press
_c1948
650 _amanley
650 _ahopkins
650 _aGerard
690 _aEnglish Criticism
906 _a014966
999 _c134196
_d134196